[Event "Cairo Egyptian op"]
[Site "Cairo"]
[Date "2016.04.28"]
[Round "9"]
[White "Imam, Ashraf"]
[Black "Yousry, Mohamed"]
[Result "0-1"]
[WhiteElo "2061"]
[BlackElo "2267"]
[PlyCount "51"]
[EventDate "2016.04.22"]
[EventType "swiss"]
[EventRounds "9"]
[EventCountry "EGY"]
[SourceTitle "CBM 172 Extra"]
[Source "ChessBase"]
[SourceDate "2016.06.21"]
[SourceVersion "1"]
[SourceVersionDate "2016.06.21"]
[SourceQuality "1"]

1. e4 e6 2. Nf3 d5 3. exd5 exd5 4. d4 Bd6 5. h3 Bf5 6. Bd3 Qd7 7. 0-0 Ne7 8. Nc3 Nbc6 9. Nb5 0-0-0 10. Nxd6+ Qxd6 11. c3 f6 12. b4 g5 13. b5 Nb8 14. c4 Qd7 15. Nh2 h5 16. c5 Rhg8 17. Re1 Ng6 18. Bxf5 Qxf5 19. Qd2 Rde8 20. a3 Qf4 21. Qxf4 Nxf4 22. Rxe8+ Rxe8 23. g3 Ng6 24. Nf1 f5 25. Bb2 Re2 26. Bc3 0-1

[Event "Cairo Egyptian op"]
[Site "Cairo"]
[Date "2016.04.24"]
[Round "4"]
[White "Imam, Ashraf"]
[Black "Hafez, Magdy Mohamed"]
[Result "1-0"]
[WhiteElo "2061"]
[BlackElo "1782"]
[PlyCount "45"]
[EventDate "2016.04.22"]
[EventType "swiss"]
[EventRounds "9"]
[EventCountry "EGY"]
[SourceTitle "CBM 172 Extra"]
[Source "ChessBase"]
[SourceDate "2016.06.21"]
[SourceVersion "1"]
[SourceVersionDate "2016.06.21"]
[SourceQuality "1"]

1. e4 d5 2. exd5 Qxd5 3. Nf3 Bg4 4. Be2 Nc6 5. Nc3 Qc5 6. b4 Nxb4 7. Rb1 0-0-0 8. a3 Bxf3 9. Bxf3 Qe5+ 10. Ne2 Nc6 11. 0-0 e6 12. d4 Qa5 13. Qd3 Nf6 14. Bd2 Qxa3 15. Qb5 Nd5 16. Qxb7+ Kd7 17. c4 Rb8 18. cxd5 Rxb7 19. dxc6+ Kc8 20. Rxb7 Qa2 21. Bf4 Bd6 22. Bxd6 cxd6 23. Nc3 1-0

[Event "Cairo Egyptian op"]
[Site "Cairo"]
[Date "2016.04.24"]
[Round "3"]
[White "Roshdy, Mohamed"]
[Black "Imam, Ashraf"]
[Result "0-1"]
[WhiteElo "1801"]
[BlackElo "2061"]
[PlyCount "65"]
[EventDate "2016.04.22"]
[EventType "swiss"]
[EventRounds "9"]
[EventCountry "EGY"]
[SourceTitle "CBM 172 Extra"]
[Source "ChessBase"]
[SourceDate "2016.06.21"]
[SourceVersion "1"]
[SourceVersionDate "2016.06.21"]
[SourceQuality "1"]

1. Nf3 d5 2. d4 c5 3. e3 Nc6 4. Be2 Nf6 5. 0-0 Bg4 6. h3 Bxf3 7. Bxf3 e6 8. Nc3 a6 9. a3 Be7 10. dxc5 Bxc5 11. b4 Ba7 12. Bb2 0-0 13. Ne2 Rc8 14. Ng3 Nd7 15. Rc1 Nde5 16. Be2 Qg5 17. Kh2 Qh6 18. c4 dxc4 19. Bxc4 Bb8 20. Bb3 Rcd8 21. Qe2 Nd3 22. Rxc6 bxc6 23. Bd4 Ne5 24. f4 Ng6 25. Qxa6 Nxf4 26. Bxg7 Kxg7 27. exf4 Bxf4 28. Qxc6 Rd3 29. Rf3 Rfd8 30. Qe4 Rxf3 31. Qxf3 Qg5 32. Bc4 h5 33. b5 0-1

[Event "Cairo Egyptian op"]
[Site "Cairo"]
[Date "2015.11.17"]
[Round "3"]
[White "Imam, Ashraf"]
[Black "El Arousy, Abdul Hameed"]
[Result "1/2-1/2"]
[WhiteElo "2073"]
[BlackElo "2271"]
[PlyCount "61"]
[EventDate "2015.11.15"]
[EventType "swiss"]
[EventRounds "11"]
[EventCountry "EGY"]
[SourceTitle "CBM 170 Extra"]
[Source "ChessBase"]
[SourceDate "2016.02.25"]
[SourceVersion "1"]
[SourceVersionDate "2016.02.25"]
[SourceQuality "1"]

1. e4 e6 2. Nf3 d5 3. exd5 exd5 4. d4 Nc6 5. Bb5 Bd6 6. 0-0 Nge7 7. Bg5 0-0 8. Re1 f6 9. Bh4 Bg4 10. c3 Nf5 11. Bg3 Nxg3 12. fxg3 Ne7 13. Nbd2 c6 14. Bd3 Qc7 15. Qc2 g6 16. Re2 Kg7 17. Rae1 b5 18. h3 Bxf3 19. gxf3 Ng8 20. f4 Qd7 21. Kg2 Rae8 22. Nf3 Rxe2+ 23. Qxe2 Nh6 24. Qe3 Kf7 25. Nh4 Re8 26. Qxe8+ Qxe8 27. Rxe8 Kxe8 28. Kf3 a5 29. g4 Be7 30. Ng2 Nf7 31. h4 1/2-1/2

[Event "Cairo Egyptian op"]
[Site "Cairo"]
[Date "2011.11.24"]
[Round "6"]
[White "Ameir, Moheb"]
[Black "Imam, Ashraf"]
[Result "1-0"]
[WhiteElo "2205"]
[BlackElo "2107"]
[PlyCount "63"]
[EventDate "2011.11.19"]
[EventType "swiss"]
[EventRounds "9"]
[EventCountry "EGY"]
[SourceTitle "CBM 145 Extra"]
[Source "ChessBase"]
[SourceDate "2012.01.03"]
[SourceVersion "1"]
[SourceVersionDate "2012.01.03"]
[SourceQuality "1"]

1. e4 c5 2. Nf3 Nc6 3. c3 e5 4. Bc4 Be7 5. d4 cxd4 6. cxd4 exd4 7. 0-0 d6 8. Nxd4 Nf6 9. Nc3 0-0 10. h3 Nxe4 11. Nxe4 d5 12. Nxc6 bxc6 13. Qa4 dxc4 14. Rd1 Qb6 15. Qxc4 Be6 16. Qc2 Rab8 17. Bg5 Qc7 18. Qc1 Rb4 19. Bxe7 Qxe7 20. Re1 Qh4 21. Nc5 Qd4 22. Nxe6 fxe6 23. Re2 e5 24. Qc2 Qb6 25. Rc1 Rf6 26. Rd1 Rd4 27. Rde1 Rdf4 28. Rd2 R4f5 29. Qc4+ Kf8 30. Red1 g6 31. Rd8+ Kg7 32. Rg8+ 1-0

[Event "Golden Cleopatra op 7th"]
[Site "Cairo"]
[Date "2003.06.08"]
[Round "7"]
[White "Elgabry, Mohsen"]
[Black "Imam, Ashraf"]
[Result "1-0"]
[WhiteElo "2294"]
[BlackElo "2049"]
[PlyCount "127"]
[EventDate "2003.06.03"]
[EventType "swiss"]
[EventRounds "10"]
[EventCountry "EGY"]
[SourceTitle "CBM 094 Extra"]
[Source "ChessBase"]
[SourceDate "2003.07.09"]
[SourceVersion "2"]
[SourceVersionDate "2003.07.09"]
[SourceQuality "1"]

1. b3 e5 2. Bb2 d6 3. e3 Nc6 4. Nf3 Bg4 5. Be2 g6 6. h3 Bxf3 7. Bxf3 Bg7 8. h4 h5 9. Nc3 Nf6 10. Qe2 Qd7 11. 0-0-0 0-0-0 12. Qb5 d5 13. Na4 a6 14. Qf1 Qd6 15. d4 exd4 16. exd4 Ne4 17. Kb1 Qf4 18. Bxe4 Qxe4 19. Nc5 Qe7 20. Qd3 Rhe8 21. Qh3+ Kb8 22. Bc3 Qe2 23. Rd2 Qg4 24. Kb2 Qxh3 25. Rxh3 Re1 26. Rdd3 Rg1 27. Rhf3 Bh6 28. Bd2 Bxd2 29. Rxd2 b6 30. Nd3 Rxg2 31. Rxf7 Rg4 32. Ne5 Nxe5 33. dxe5 Rxh4 34. f4 Rg4 35. e6 Re8 36. e7 Kc8 37. Rxd5 c6 38. Rd6 Kc7 39. Rff6 Rxe7 40. Rxc6+ Kd7 41. Rxb6 h4 42. Rxg6 Rxg6 43. Rxg6 Rh7 44. Rxa6 Rh5 45. Rg6 h3 46. Rg1 h2 47. Rh1 Ke6 48. a4 Kf5 49. a5 Kxf4 50. b4 Kg3 51. a6 Rh7 52. b5 Ra7 53. Kb3 Kg2 54. Rxh2+ Kxh2 55. Kb4 Kg3 56. Ka5 Rc7 57. c4 Rxc4 58. b6 Rc5+ 59. Kb4 Rc1 60. b7 Kg4 61. Kb5 Kf5 62. a7 Rb1+ 63. Kc6 Ke6 64. b8Q 1-0

[Event "Golden Cleopatra op 7th"]
[Site "Cairo"]
[Date "2003.06.01"]
[Round "1"]
[White "Imam, Ashraf"]
[Black "Hakki, Imad"]
[Result "1/2-1/2"]
[WhiteElo "2049"]
[BlackElo "2450"]
[PlyCount "81"]
[EventDate "2003.06.03"]
[EventType "swiss"]
[EventRounds "10"]
[EventCountry "EGY"]
[SourceTitle "CBM 094 Extra"]
[Source "ChessBase"]
[SourceDate "2003.07.09"]
[SourceVersion "2"]
[SourceVersionDate "2003.07.09"]
[SourceQuality "1"]

1. e4 c5 2. Nf3 d6 3. d4 cxd4 4. Nxd4 Nf6 5. Nc3 g6 6. Be2 Bg7 7. 0-0 Nc6 8. Nxc6 bxc6 9. Be3 0-0 10. h4 h5 11. Qd2 Ng4 12. Bxg4 Bxg4 13. Bh6 Rb8 14. Bxg7 Kxg7 15. Rab1 Qa5 16. Qe3 f6 17. a3 Rb6 18. Na2 Be6 19. b4 Qa4 20. Nc3 Qa6 21. f4 Bg4 22. f5 Rbb8 23. a4 gxf5 24. exf5 Qb6 25. Qxb6 Rxb6 26. a5 Rb7 27. a6 Rb6 28. b5 cxb5 29. Rfe1 Bxf5 30. Rxb5 Rxb5 31. Rxe7+ Rf7 32. Rxf7+ Kxf7 33. Nxb5 Bxc2 34. Nxd6+ Ke6 35. Nb5 Kd7 36. Nxa7 Bd3 37. Kf2 Bxa6 38. Ke3 Kc7 39. g4 hxg4 40. h5 g3 41. Kf3 1/2-1/2